[Event "Gibraltar Masters 12th"]
[Site "Caleta"]
[Date "2014.02.05"]
[Round "9"]
[White "Magnusdottir, Veronika Steinunn"]
[Black "Kenney, David"]
[Result "1-0"]
[WhiteElo "1561"]
[BlackElo "2000"]
[PlyCount "65"]
[EventDate "2014.01.28"]
[EventType "swiss"]
[EventRounds "10"]
[EventCountry "GGB"]
[SourceTitle "CBM 159"]
[Source "ChessBase"]
[SourceDate "2014.03.17"]
[SourceVersion "1"]
[SourceVersionDate "2014.03.17"]
[SourceQuality "1"]

1. e4 c5 2. Nf3 d6 3. d4 cxd4 4. Nxd4 Nf6 5. Nc3 a6 6. g3 e5 7. Nb3 Be6 8. Bg2 Be7 9. a4 0-0 10. 0-0 Nbd7 11. Be3 Rc8 12. a5 Qc7 13. h3 Nc5 14. Nxc5 dxc5 15. Qe2 Rfd8 16. f4 exf4 17. Bxf4 Qd7 18. Rad1 Qe8 19. e5 Nd7 20. Bxb7 Rb8 21. Qxa6 Bxh3 22. Rfe1 Be6 23. Qc6 c4 24. Qc7 Nc5 25. a6 Nxb7 26. axb7 g5 27. Be3 Rd7 28. Rxd7 Bxd7 29. Nd5 Rd8 30. Nxe7+ Qxe7 31. b8Q Rxb8 32. Qxb8+ Kg7 33. Qd6 1-0

[Event "Gibraltar Masters 12th"]
[Site "Caleta"]
[Date "2014.02.03"]
[Round "7"]
[White "Magnusdottir, Veronika Steinunn"]
[Black "Vinas Guerrero, Carlos Alberto"]
[Result "0-1"]
[WhiteElo "1561"]
[BlackElo "2153"]
[PlyCount "64"]
[EventDate "2014.01.28"]
[EventType "swiss"]
[EventRounds "10"]
[EventCountry "GGB"]
[SourceTitle "CBM 159"]
[Source "ChessBase"]
[SourceDate "2014.03.17"]
[SourceVersion "1"]
[SourceVersionDate "2014.03.17"]
[SourceQuality "1"]

1. e4 c5 2. Nf3 e6 3. d4 cxd4 4. Nxd4 Nc6 5. Nb3 Nf6 6. Qe2 Qc7 7. Nc3 a6 8. a4 Bb4 9. Bd2 0-0 10. g3 d5 11. Bg2 d4 12. Na2 Bxd2+ 13. Qxd2 e5 14. 0-0 Be6 15. Nc5 Bc4 16. Nd3 a5 17. Rfe1 Qd6 18. f4 Nd7 19. Nac1 f6 20. Kh1 Rac8 21. b3 Ba6 22. Bh3 Rc7 23. f5 Rfc8 24. Nb2 Qb4 25. Qd1 Qc3 26. Ncd3 Nb4 27. Rc1 Nxd3 28. Nxd3 Bxd3 29. Bf1 Bxf1 30. Rxf1 Qc6 31. Qe2 Nc5 32. Rfe1 Nxb3 0-1

[Event "Gibraltar Masters 12th"]
[Site "Caleta"]
[Date "2014.01.30"]
[Round "3"]
[White "Spanton, Timothy"]
[Black "Magnusdottir, Veronika Steinunn"]
[Result "0-1"]
[WhiteElo "1995"]
[BlackElo "1561"]
[PlyCount "75"]
[EventDate "2014.01.28"]
[EventType "swiss"]
[EventRounds "10"]
[EventCountry "GGB"]
[SourceTitle "CBM 159"]
[Source "ChessBase"]
[SourceDate "2014.03.17"]
[SourceVersion "1"]
[SourceVersionDate "2014.03.17"]
[SourceQuality "1"]

1. c4 Nf6 2. g3 c6 3. Nf3 d5 4. b3 Bf5 5. Bb2 Nbd7 6. Bg2 h6 7. 0-0 e6 8. d3 Be7 9. Nbd2 0-0 10. Re1 Rc8 11. e4 Bh7 12. e5 Ne8 13. d4 Nc7 14. Bh3 c5 15. Rc1 cxd4 16. Nxd4 Nc5 17. Bf1 Nd3 18. Bxd3 Bxd3 19. Re3 Bh7 20. c5 Na6 21. c6 Qb6 22. cxb7 Qxb7 23. a3 Rxc1 24. Qxc1 Nc5 25. Rc3 Qb6 26. Qf1 Na4 27. Rc6 Qb8 28. Bc1 Nc5 29. f4 Nd3 30. N2f3 Rc8 31. f5 Rxc6 32. Nxc6 Bc5+ 33. Kg2 Qxb3 34. fxe6 fxe6 35. Nd2 Qc2 36. Nd8 Be4+ 37. Kh3 Nf2+ 38. Kh4 0-1